| 000 | 00380nam a22001457a 4500 | ||
|---|---|---|---|
| 003 | OSt | ||
| 005 | 20260204085732.0 | ||
| 008 | 260204b |||||||| |||| 00| 0 eng d | ||
| 020 | _a9781420500356 | ||
| 040 | _cGALE CENGAGE LEARNING | ||
| 082 | _aPIUDLMUR923 | ||
| 245 |
_aCOMPUTER HACKING _cPARKS, PEGGY J |
||
| 260 |
_aFARMINGTON HILLS _bGREENHAVEN PRESS _c2003 |
||
| 942 |
_2ddc _cBK _n0 |
||
| 999 |
_c9926 _d9926 |
||